000 00616nam a22001697a 4500
003 IT-RoPau
005 20220918181108.0
008 130613b xxu||||| |||| 00| 0 eng d
040 _cIT-RoPau
100 _aBorgogno, Concettina
_9688
245 _aFormazione alla vita religiosa e alla preghiera paolina nella storia delle Figlie di San Paolo
_bMemorie e Documenti
250 _a1° ed.
260 _aRoma
_bCasa Generalizia FSP
_c1994
300 _a171 p.
_c29 cm
520 _aINDICE Premessa; Sigle; Parte Prima: Formazione alla vita religiosa; Parte Seconda: Vita di preghiera; Conclusione.
942 _2ddc
_cCR
999 _c98746
_d98746